000 00376nam a2200157Ia 4500
008 240729s9999 xx 000 0 und d
022 _a2076-3263
245 0 _aGeosciences
260 _aSwitzerland
260 _bMDPI AG
650 _a Geology
650 _aScience
856 _uhttps://doaj.org/toc/a8dbecea9bb1473ca4ba7ff0531b45e9
942 _2ddc
942 _cDOAJEJ
999 _c74350
_d74350
945 _a1
_bMadushi Gamage
_c1
_dMadushi Gamage